00370nam a22001337a 450000500170000000800410001704100130005808200120007110000130008324500390009626000460013530000300018165000250021120240701092415.0240701b |||||||| |||| 00| 0 eng d aEnglish  a349 ANN lEnglish  aAnnual Survey of South African Law aCape Town: bJuta and Company Ltd, c1968 bxli, 514 pages; c25 cm.  aLegal practicebLaw